| 000 | 00358nam a22001577a 4500 | ||
|---|---|---|---|
| 003 | macl | ||
| 005 | 20170108144054.0 | ||
| 008 | 170108b xxu||||| |||| 00| 0 eng d | ||
| 040 | _cmacl | ||
| 082 |
_220 _a510 |
||
| 100 |
_aNCERT _94590 |
||
| 245 |
_aMathmatics _cclass 11 |
||
| 260 |
_aDillhi _bNCERT _c2008 |
||
| 650 |
_aMathematics _95682 |
||
| 942 |
_2ddc _cBK |
||
| 999 |
_c55789 _d55789 |
||